000 00679nam a2200217 i 4500
001 bg
100 1 _aGUTKOWSKI, Bogdan
245 1 0 _aAktualne przepisy w ochronie środowiska :
_bsuplement 2/98 /
_c[Bogdan Gutkowski] ; Agencja Ochrony Środowiska w Koszalinie.
260 _aKoszalin :
_bAOŚ,
_c1998.
300 _a60 s. ;
_c30 cm.
500 _aVerso kart nie zadrukowane.
650 9 _aŚrodowisko człowieka
_xochrona
_xprawo
_zPolska
710 0 _aAgencja Ochrony Środowiska (Koszalin)
020 _a839092501X
040 _cBPK
041 0 _apl
080 _a504:349.6(438)
920 _a83-909250-1-X
942 _cKS
008 s pl f |000 0 pol
999 _c33620
_d33620
856 _uhttp://koha.tu.koszalin.pl/cgi-bin/koha/opac-detail.pl?biblionumber=33620
_yKatalog online BPK